|
|
|
|
| LEADER |
00000nam0a2200000 4500 |
| 001 |
266807 |
| 005 |
20231101234031.0 |
| 035 |
|
|
|a (RuTPU)RU\TPU\book\289827
|
| 090 |
|
|
|a 266807
|
| 100 |
|
|
|a 20140716d1965 k y0rusy50 ca
|
| 101 |
0 |
|
|a rus
|
| 102 |
|
|
|a RU
|
| 105 |
|
|
|a a z 001zy
|
| 200 |
1 |
|
|a Цианоформазан-2
|a Химические реактивы
|f Государственный комитет химической промышленности при Госплане СССР ; сост. М. И. Ермакова
|
| 210 |
|
|
|a Москва
|c Изд-во Главполиграфпром
|d 1965
|
| 215 |
|
|
|a 16 с.
|c ил.
|
| 320 |
|
|
|a Библиогр.: с. 16.
|
| 606 |
1 |
|
|a Химические реактивы, органические
|2 stltpush
|3 (RuTPU)RU\TPU\subj\73372
|9 86404
|
| 610 |
1 |
|
|a цианформазан
|
| 610 |
1 |
|
|a галлий
|
| 610 |
1 |
|
|a цирконий
|
| 610 |
1 |
|
|a ванадий
|
| 610 |
1 |
|
|a ниобий
|
| 610 |
1 |
|
|a иттрий
|
| 610 |
1 |
|
|a фотометрическое определение
|
| 675 |
|
|
|a 543-412.2
|v 3
|
| 702 |
|
1 |
|a Ермакова
|b М. И.
|4 220
|
| 712 |
0 |
2 |
|a Государственный комитет химической промышленности при Госплане СССР
|2 stltpush
|3 (RuTPU)RU\TPU\col\11272
|9 25009
|
| 801 |
|
1 |
|a RU
|b 63413507
|c 20140716
|
| 801 |
|
2 |
|a RU
|b 63413507
|c 20151113
|g RCR
|
| 942 |
|
|
|c BK
|